[Event "Finistere-chT 0304"]
[Site "Finistere"]
[Date "2003.10.18"]
[Round "1.4"]
[White "Gueguen, Alexis"]
[Black "Havelka, Georges"]
[Result "0-1"]
[WhiteElo "1460"]
[BlackElo "1820"]
[PlyCount "80"]
[EventDate "2003.10.??"]
[EventType "team-swiss"]
[EventRounds "6"]
[EventCountry "FRA"]
[SourceTitle "EXT 2005"]
[Source "ChessBase"]
[SourceDate "2004.11.15"]
[SourceVersion "1"]
[SourceVersionDate "2004.11.15"]
[SourceQuality "1"]

1. e4 Nf6 2. Nc3 d5 3. e5 d4 4. exf6 dxc3 5. bxc3 exf6 6. Bc4 Bd6 7. d4 0-0 8. Nf3 Bg4 9. h3 Re8+ 10. Be3 Bh5 11. g4 Bg6 12. Nh4 Be4 13. f3 Bxc2 14. Qxc2 Bg3+ 15. Kd2 Bxh4 16. Rag1 Nd7 17. f4 Nb6 18. Bb3 Qe7 19. Qd3 c5 20. dxc5 Rad8 21. Bd4 Nd5 22. Ba4 Nxf4 23. Qf3 Qe2+ 24. Qxe2 Rxe2+ 25. Kd1 Rxa2 26. Bb3 Rb2 27. Ba4 Ne2 28. Rh2 Nxc3+ 29. Kc1 Rxh2 30. Bxc3 Bf2 31. Rf1 Bxc5 32. Rf3 Rf2 33. Rg3 Bd6 34. Rg1 Rh2 35. g5 Bf4+ 36. Kb1 fxg5 37. Re1 Rxh3 38. Ba5 b6 39. Bb4 Re3 40. Rc1 Re4 0-1